000 00355nam a2200157Ia 4500
100 _aHaggard/Gary/ Schlip F.J
650 _aMathematics
942 _cBK
366 _f17.5
245 _aDiscrete Mathematics for Computer Science
260 _bCengage Learning
_c2006
082 _a003.3/HAG
_bHAG
300 _a600
546 _aENGLISH
999 _c19776
_d19776